000 00472cam a2200181ua 4500
001 1449
008 110713n ii |||gr||||Z||||||eng
040 _cMAIN
082 _a330
100 _aNag, D. S.,
_eAuthor.
245 1 _aProblems of under developed economiy
_cby D. S. Nag
250 _a2nd.
260 _aAgra:
_bLakshmi Narain Agarwal,968.
300 _aviii; 406p:
_c23cm.
653 _aEconomics
653 _aProblems of under developed economiy
942 _cBK
999 _c1339
_d1339